00997cam a22002771 450000100060000000300080000600500170001400800410003103500140007203500190008604000340010504100080013904200120014708200240015910000420018324500510022526000940027630000390037050400290040965000220043871000320046090600450049294200120053799900170054995201530056676400BD-RjUL20211209082833.0191202s1965 enkaf b 000 0 eng  a(BD-RjUL) a(OCoLC)2410468 aDLCcOTUdOCoLCdUkdDLCbeng aeng apremarc a668.4223bPHY 19651 aRitchie, Patrick Dunbar,eed.923585310aPhysics of plastics /cedited by P.D. Ritchie. aLondon :bPublished for the Plastics Institute [by] Van Nostrand, Princeton, N.J.c[1965] a447 p. :billus., plates ;c26 cm. aIncludes bibliographies. 0aPlastics.92358542 aPlastics Institute.9235855 a7bcbccoclcrplduencipf19gy-gencatlg 2ddccBK c76400d76400 00102ddc40718NFICaRUCLbRUCLcReadingd1967-01-30eMirza book Agency, Dhakag97.50l0o668.4 PHY 1965r2019-12-02 00:00:00tC-1w2019-12-02yBK